[Event "Magistral Endesa Norma MI 2008"]
[Site "Santiago de Chile"]
[Date "2008.10.19"]
[Round "9.2"]
[White "Duarte, Leonardo"]
[Black "Valenzuela Fuentealba, Luis"]
[Result "1/2-1/2"]
[WhiteElo "2341"]
[BlackElo "2434"]
[PlyCount "76"]
[EventDate "2008.10.13"]
[EventType "tourn"]
[EventRounds "11"]
[EventCountry "CHI"]
[EventCategory "4"]
[Source "lmi"]
[SourceDate "2008.10.13"]

1. e4 c5 2. Nf3 d6 3. d4 cxd4 4. Nxd4 Nf6 5. Nc3 a6 6. Be2 e5 7. Nb3 Be7 8. Bg5
Be6 9. Bxf6 Bxf6 10. Qd3 Nc6 11. O-O-O Nd4 12. Nxd4 exd4 13. Nd5 Bxd5 14. exd5
O-O 15. Qf3 Re8 16. Bd3 Qa5 17. Kb1 Re5 18. g4 Qxd5 19. Qxd5 Rxd5 20. f4 g5 21.
fxg5 Rxg5 22. Bf5 h6 23. Rd3 Be5 24. a4 b6 25. Rh3 h5 26. Rxh5 Rxh5 27. gxh5
Kg7 28. Ka2 Kh6 29. Kb3 Kxh5 30. Bd3 d5 31. h4 a5 32. Be2+ Kh6 33. Rf1 Rf8 34.
Bf3 Rd8 35. Rg1 Rd6 36. Rg5 Bf6 37. Rxd5 Rxd5 38. Bxd5 Bxh4 1/2-1/2

[Event "Magistral Endesa Norma MI 2008"]
[Site "Santiago de Chile"]
[Date "2008.10.19"]
[Round "9.3"]
[White "Valdes Escobar, Alvaro Daniel"]
[Black "Cortes Moyano, Julio"]
[Result "1-0"]
[WhiteElo "2354"]
[BlackElo "2286"]
[PlyCount "135"]
[EventDate "2008.10.13"]
[EventType "tourn"]
[EventRounds "11"]
[EventCountry "CHI"]
[EventCategory "4"]
[Source "lmi"]
[SourceDate "2008.10.13"]

1. c4 g6 2. Nc3 Bg7 3. d4 d6 4. e4 Nf6 5. Nf3 O-O 6. Be2 e5 7. O-O Nh5 8. Re1
Nf4 9. Bf1 Bg4 10. d5 f5 11. Bxf4 exf4 12. exf5 Rxf5 13. Rc1 Nd7 14. Be2 Ne5
15. Nxe5 Bxe2 16. Rxe2 Bxe5 17. f3 Qf6 18. Re4 b6 19. Qd2 a5 20. b3 g5 21. Nb5
Qg7 22. Rce1 Rff8 23. Qd3 Rfe8 24. Kh1 Kf8 25. R4e2 Re7 26. Nd4 Rae8 27. Ne6+
Rxe6 28. dxe6 Rxe6 29. Qf5+ Ke7 30. Qe4 Kf6 31. a3 Qg6 32. Qd5 Re7 33. b4 axb4
34. axb4 Qe8 35. b5 Qf7 36. Qd3 Qg6 37. Re4 Re8 38. R1e2 Kg7 39. Qd5 Qe6 40.
Ra2 Qc8 41. Ra7 Qd8 42. Qc6 Re7 43. Ra8 Qd7 44. Qd5 Qe6 45. Rd8 Qf7 46. Kg1 Kf6
47. Kf1 Re8 48. Qxf7+ Kxf7 49. Rxe8 Kxe8 50. Ke2 Ke7 51. Kd3 Ke6 52. Re2 d5 53.
Ra2 h5 54. Ra8 dxc4+ 55. Kxc4 h4 56. Re8+ Kd6 57. Rg8 Bf6 58. Rg6 Ke5 59. Rh6
Be7 60. Rh7 Bd6 61. Rg7 Kf6 62. Rg8 Be7 63. Kd5 Kf7 64. Rc8 Bd6 65. Kc6 Kf6 66.
Rxc7 Bc5 67. Rb7 g4 68. h3 1-0

[Event "Magistral Endesa Norma MI 2008"]
[Site "Santiago de Chile"]
[Date "2008.10.19"]
[Round "9.5"]
[White "Vargas Maliqueo, Ivan Patricio"]
[Black "Alonso, Salvador"]
[Result "0-1"]
[WhiteElo "2209"]
[BlackElo "2466"]
[PlyCount "90"]
[EventDate "2008.10.13"]
[EventType "tourn"]
[EventRounds "11"]
[EventCountry "CHI"]
[EventCategory "4"]
[Source "lmi"]
[SourceDate "2008.10.13"]

1. Nf3 d5 2. d4 Nf6 3. c4 c6 4. Nc3 dxc4 5. a4 Bf5 6. e3 e6 7. Bxc4 Bb4 8. O-O
O-O 9. Qe2 Bg6 10. Ne5 Nbd7 11. Nd3 Bd6 12. e4 e5 13. d5 Nb6 14. Bb3 cxd5 15.
exd5 Nbd7 16. Be3 a6 17. a5 Qe7 18. Bc2 Rae8 19. Ra4 Nh5 20. Re1 f5 21. Qd2 Qd8
22. Bg5 Qc7 23. Bb3 Kh8 24. Rc1 Qb8 25. Rh4 Rc8 26. Bd1 Nhf6 27. Ba4 Kg8 28. b4
h6 29. Bxf6 Nxf6 30. f3 Rfd8 31. Bb3 Bf7 32. Na4 Rxc1+ 33. Qxc1 e4 34. fxe4
fxe4 35. Ndc5 Bxc5+ 36. Nxc5 Qe5 37. Ne6 Bxe6 38. dxe6 Kh7 39. Rf4 Qd4+ 40. Kh1
Qxb4 41. h3 Qxb3 42. e7 Rd1+ 43. Kh2 Rxc1 44. Rxf6 Rc8 45. Rf8 Qe6 0-1

[Event "Magistral Endesa Norma MI 2008"]
[Site "Santiago de Chile"]
[Date "2008.10.19"]
[Round "9.6"]
[White "Lopez Silva, Hugo Andres"]
[Black "Sepulveda Herrera, Job Rodrigo"]
[Result "0-1"]
[WhiteElo "2394"]
[BlackElo "2325"]
[PlyCount "102"]
[EventDate "2008.10.13"]
[EventType "tourn"]
[EventRounds "11"]
[EventCountry "CHI"]
[EventCategory "4"]
[Source "lmi"]
[SourceDate "2008.10.13"]

1. e4 g6 2. d4 Bg7 3. Nf3 c6 4. c4 d5 5. exd5 cxd5 6. Qb3 Nf6 7. Nc3 dxc4 8.
Bxc4 O-O 9. Ne5 e6 10. Be3 Nc6 11. Nxc6 bxc6 12. Na4 Qa5+ 13. Bd2 Qh5 14. O-O
Nd5 15. Rad1 e5 16. Bxd5 cxd5 17. Bb4 Re8 18. dxe5 Bxe5 19. h3 d4 20. Rfe1 Be6
21. Qa3 Rad8 22. Be7 Rd7 23. Bc5 Qg5 24. Qf3 Red8 25. b3 h5 26. h4 Qf6 27. Qxf6
Bxf6 28. g3 d3 29. Rd2 Bf5 30. Ba3 Rc8 31. Bb2 Kg7 32. Kg2 Rc2 33. Red1 Re7 34.
Bxf6+ Kxf6 35. Nb2 Re2 36. Rxc2 dxc2 37. Rc1 Ke5 38. Kf1 Bg4 39. Nd3+ Kd4 40.
Ne1 Kc3 41. f3 Rxe1+ 42. Kxe1 Bxf3 43. b4 Bc6 44. Ke2 Bd7 45. Ke3 f6 46. a3 g5
47. hxg5 fxg5 48. Rh1 Bc6 49. Rg1 h4 50. gxh4 gxh4 51. Re1 h3 0-1

[Event "Magistral Endesa Norma MI 2008"]
[Site "Santiago de Chile"]
[Date "2008.10.20"]
[Round "10.2"]
[White "Alonso, Salvador"]
[Black "Lopez Silva, Hugo Andres"]
[Result "1-0"]
[WhiteElo "2466"]
[BlackElo "2394"]
[PlyCount "65"]
[EventDate "2008.10.13"]
[EventType "tourn"]
[EventRounds "11"]
[EventCountry "CHI"]
[EventCategory "4"]
[Source "lmi"]
[SourceDate "2008.10.13"]

1. e4 e5 2. Nf3 Nc6 3. Bb5 a6 4. Ba4 Nf6 5. O-O b5 6. Bb3 Be7 7. Re1 d6 8. c3
O-O 9. h3 Bb7 10. d4 Re8 11. Nbd2 Bf8 12. d5 Nb8 13. Nf1 Nbd7 14. N3h2 h6 15.
Ng3 Nc5 16. Bc2 c6 17. b4 Ncd7 18. dxc6 Bxc6 19. Bb3 Nb6 20. Ng4 Nxg4 21. Qxg4
Qd7 22. Nf5 Kh7 23. Rd1 Nc4 24. Bxc4 bxc4 25. Rxd6 Qb7 26. f3 Bd7 27. Be3 g6
28. Rf6 Kg8 29. Qh4 Bxf5 30. exf5 Be7 31. Bxh6 Qc7 32. Bg5 Kg7 33. Rxf7+ 1-0

[Event "Magistral Endesa Norma MI 2008"]
[Site "Santiago de Chile"]
[Date "2008.10.20"]
[Round "10.3"]
[White "Luconi, Cristian"]
[Black "Vargas Maliqueo, Ivan Patricio"]
[Result "1/2-1/2"]
[WhiteElo "2300"]
[BlackElo "2209"]
[PlyCount "145"]
[EventDate "2008.10.13"]
[EventType "tourn"]
[EventRounds "11"]
[EventCountry "CHI"]
[EventCategory "4"]
[Source "lmi"]
[SourceDate "2008.10.13"]

1. d4 d5 2. Nf3 c6 3. Bf4 Bf5 4. c3 Nd7 5. Nbd2 Ngf6 6. e3 h6 7. Ne5 Nxe5 8.
Bxe5 Nd7 9. Bg3 Qb6 10. b4 a5 11. a3 e6 12. Nb3 a4 13. Nd2 Be7 14. Be2 O-O 15.
O-O Qa7 16. c4 b6 17. Rc1 Rfc8 18. cxd5 exd5 19. Bf3 Nf6 20. Be5 Nd7 21. e4
Nxe5 22. dxe5 Be6 23. exd5 cxd5 24. Nb1 Rxc1 25. Qxc1 Rc8 26. Qd1 Qd7 27. Qd4
Qc6 28. Be2 Bf5 29. h3 Qg6 30. Nc3 Bxh3 31. Bf3 Bf5 32. Nxd5 Bd8 33. Ne3 Be6
34. Bb7 Rb8 35. Be4 Qg5 36. f4 Qg3 37. Qd2 b5 38. Qf2 Qxf2+ 39. Kxf2 Bb6 40.
Rd1 Rc8 41. Kf3 Rc3 42. Rd3 Rb3 43. Ke2 Bc4 44. Nxc4 bxc4 45. Rxb3 axb3 46. Bd5
b2 47. Be4 g5 48. fxg5 hxg5 49. Kd1 Kf8 50. Kc2 Bd4 51. Bd5 c3 52. g4 Ke7 53.
a4 Bxe5 54. Be4 Kd6 55. a5 Bd4 56. b5 Kc5 57. b6 Kb4 58. b7 Ba7 59. a6 f6 60.
Kb1 Kc4 61. Kc2 Kd4 62. Bf5 Bb8 63. Kb1 Kc4 64. Kc2 Ba7 65. Kb1 Kb3 66. Bc2+
Kc4 67. Bf5 Bb8 68. Kc2 Kb4 69. Kb1 Kc4 70. Kc2 Kd4 71. Kb1 Ke3 72. Kc2 Kf4 73.
Kb1 1/2-1/2

[Event "Magistral Endesa Norma MI 2008"]
[Site "Santiago de Chile"]
[Date "2008.10.20"]
[Round "10.4"]
[White "Cortes Moyano, Julio"]
[Black "Needleman, Alejandro"]
[Result "0-1"]
[WhiteElo "2286"]
[BlackElo "2361"]
[PlyCount "92"]
[EventDate "2008.10.13"]
[EventType "tourn"]
[EventRounds "11"]
[EventCountry "CHI"]
[EventCategory "4"]
[Source "lmi"]
[SourceDate "2008.10.13"]

1. e4 d5 2. exd5 Nf6 3. c4 e6 4. d4 exd5 5. Nf3 Bb4+ 6. Nc3 O-O 7. Be2 dxc4 8.
O-O Bxc3 9. bxc3 b5 10. a4 c6 11. Ne5 Nd5 12. Qd2 f6 13. Nf3 Re8 14. Ba3 Na6
15. Rfe1 Nac7 16. Bf1 Be6 17. Qc1 Qd7 18. Nd2 Bf5 19. Rxe8+ Rxe8 20. Bb2 a6 21.
g3 Bh3 22. axb5 cxb5 23. Qd1 Bxf1 24. Nxf1 Qf5 25. Qd2 Qe4 26. Bc1 Qe1 27. Ra3
Qe4 28. Ne3 Qf3 29. Qe1 h5 30. Qf1 Nxe3 31. fxe3 Qe4 32. Bd2 Ne6 33. h4 Nc7 34.
Ra1 f5 35. Kf2 g6 36. Qb1 Qxb1 37. Rxb1 Kf7 38. Kf3 Nd5 39. Ra1 Re6 40. Ra2 Ke7
41. Ra1 Kd7 42. Ra2 Kc7 43. Ra1 Kb6 44. Re1 a5 45. Rb1 Re8 46. Ke2 Rxe3+ 0-1

[Event "Magistral Endesa Norma MI 2008"]
[Site "Santiago de Chile"]
[Date "2008.10.20"]
[Round "10.5"]
[White "Valenzuela Fuentealba, Luis"]
[Black "Valdes Escobar, Alvaro Daniel"]
[Result "1/2-1/2"]
[WhiteElo "2434"]
[BlackElo "2354"]
[PlyCount "69"]
[EventDate "2008.10.13"]
[EventType "tourn"]
[EventRounds "11"]
[EventCountry "CHI"]
[EventCategory "4"]
[Source "lmi"]
[SourceDate "2008.10.13"]

1. d4 Nf6 2. Nf3 e6 3. c4 b6 4. a3 Bb7 5. Nc3 d5 6. Bg5 Be7 7. Qa4+ Qd7 8. Qc2
dxc4 9. e3 h6 10. Bxf6 Bxf6 11. Bxc4 O-O 12. Rd1 Qe7 13. O-O c5 14. dxc5 Bxc3
15. Qxc3 Qxc5 16. b4 Qc7 17. Rc1 Nd7 18. Bb5 Qxc3 19. Rxc3 Nf6 20. Rc7 Rab8 21.
Ne5 Nd5 22. Rc2 Rbc8 23. Rfc1 Rxc2 24. Rxc2 a6 25. Bc6 Rc8 26. Rc4 Bxc6 27.
Rxc6 Rxc6 28. Nxc6 Kf8 29. Kf1 Ke8 30. Ke2 Kd7 31. Ne5+ Ke7 32. e4 Nc7 33. Kd3
f6 34. Nc4 b5 35. Na5 1/2-1/2

[Event "Magistral Endesa Norma MI 2008"]
[Site "Santiago de Chile"]
[Date "2008.10.21"]
[Round "11.2"]
[White "Valdes Escobar, Alvaro Daniel"]
[Black "Valiente, Cristobal"]
[Result "1-0"]
[WhiteElo "2354"]
[BlackElo "2254"]
[PlyCount "73"]
[EventDate "2008.10.13"]
[EventType "tourn"]
[EventRounds "11"]
[EventCountry "CHI"]
[EventCategory "4"]
[Source "lmi"]
[SourceDate "2008.10.13"]

1. e4 c5 2. Nf3 Nc6 3. Nc3 e6 4. d4 cxd4 5. Nxd4 Qc7 6. Be3 a6 7. Qd2 Nf6 8. f3
b5 9. O-O-O Bb7 10. Nxc6 Bxc6 11. Kb1 Be7 12. g4 d6 13. Bd3 O-O 14. Ne2 Rfd8
15. Nd4 Bb7 16. h4 Nd7 17. g5 d5 18. g6 hxg6 19. h5 g5 20. exd5 Bxd5 21. Rhg1
Bf6 22. f4 gxf4 23. Bxf4 Qc5 24. Be3 Qd6 25. Qf2 Kh8 26. Nb3 Bxb3 27. axb3 Qe7
28. Be4 Rac8 29. h6 g6 30. Rgf1 Be5 31. Qxf7 Qxf7 32. Rxf7 Nf6 33. Rxd8+ Rxd8
34. Bxg6 Rg8 35. Bd3 Rg3 36. Bf2 Rg4 37. h7 1-0

[Event "Magistral Endesa Norma MI 2008"]
[Site "Santiago de Chile"]
[Date "2008.10.21"]
[Round "11.3"]
[White "Needleman, Alejandro"]
[Black "Valenzuela Fuentealba, Luis"]
[Result "1/2-1/2"]
[WhiteElo "2361"]
[BlackElo "2434"]
[PlyCount "46"]
[EventDate "2008.10.13"]
[EventType "tourn"]
[EventRounds "11"]
[EventCountry "CHI"]
[EventCategory "4"]
[Source "lmi"]
[SourceDate "2008.10.13"]

1. e4 c5 2. Nf3 d6 3. d4 cxd4 4. Nxd4 Nf6 5. Nc3 g6 6. Bc4 Bg7 7. h3 Nc6 8. Nf3
O-O 9. O-O a6 10. Re1 b5 11. Bb3 Bb7 12. Nd5 Na5 13. c3 Nxb3 14. axb3 Bxd5 15.
exd5 Qc7 16. Bg5 Qb7 17. Bxf6 Bxf6 18. b4 Qb6 19. Qd3 a5 20. Rxa5 Rxa5 21. bxa5
Qxa5 22. Nd4 Bxd4 23. Qxd4 Re8 1/2-1/2

[Event "Magistral Endesa Norma MI 2008"]
[Site "Santiago de Chile"]
[Date "2008.10.21"]
[Round "11.4"]
[White "Vargas Maliqueo, Ivan Patricio"]
[Black "Cortes Moyano, Julio"]
[Result "0-1"]
[WhiteElo "2209"]
[BlackElo "2286"]
[PlyCount "68"]
[EventDate "2008.10.13"]
[EventType "tourn"]
[EventRounds "11"]
[EventCountry "CHI"]
[EventCategory "4"]
[Source "lmi"]
[SourceDate "2008.10.13"]

1. Nf3 Nf6 2. c4 g6 3. b3 Bg7 4. Bb2 d6 5. e3 O-O 6. d4 Nbd7 7. Nbd2 e5 8. Qc2
Qe7 9. Bd3 Re8 10. dxe5 dxe5 11. Qc3 b6 12. Ne4 Bb7 13. Nfd2 Rad8 14. O-O-O Nc5
15. Nxc5 Qxc5 16. b4 Qd6 17. Nf3 Qe6 18. Bc2 Ne4 19. Bxe4 Bxe4 20. Ng5 Qf5 21.
Nxe4 Qxe4 22. f3 Qh4 23. g3 Qh5 24. e4 f5 25. c5 fxe4 26. Qc4+ Kh8 27. Qxe4
bxc5 28. bxc5 Qg5+ 29. Kb1 Rd2 30. Bc3 Rb8+ 31. Ka1 Rdd8 32. c6 Rd4 33. Rxd4
exd4 34. Bxd4 Qc5 0-1

[Event "Magistral Endesa Norma MI 2008"]
[Site "Santiago de Chile"]
[Date "2008.10.21"]
[Round "11.5"]
[White "Lopez Silva, Hugo Andres"]
[Black "Luconi, Cristian"]
[Result "1-0"]
[WhiteElo "2394"]
[BlackElo "2300"]
[PlyCount "97"]
[EventDate "2008.10.13"]
[EventType "tourn"]
[EventRounds "11"]
[EventCountry "CHI"]
[EventCategory "4"]
[Source "lmi"]
[SourceDate "2008.10.13"]

1. e4 d5 2. exd5 Nf6 3. c4 c6 4. d4 cxd5 5. Nc3 Nc6 6. Nf3 Bg4 7. cxd5 Nxd5 8.
Qb3 Bxf3 9. gxf3 e6 10. Qxb7 Nxd4 11. Bb5+ Nxb5 12. Qc6+ Ke7 13. Qxb5 Qd7 14.
Nxd5+ Qxd5 15. Qxd5 exd5 16. O-O Kf6 17. Rd1 Ke6 18. Re1+ Kf5 19. Be3 Bb4 20.
Red1 Ke6 21. Rac1 Rhd8 22. Rc6+ Rd6 23. Rc7 Ra6 24. Rb7 Bf8 25. a3 Ra4 26. Re1
Kf6 27. Rd7 Ke6 28. Rxa7 R8xa7 29. Bxa7+ Kf5 30. Bb8 f6 31. Rd1 d4 32. Kf1 Ke6
33. Ke2 Kd5 34. Kd3 Rc4 35. Bf4 g5 36. Bd2 Bd6 37. h3 Rc7 38. a4 h5 39. b4 Bf4
40. a5 Bxd2 41. Kxd2 Rc3 42. Ra1 Rxf3 43. Ke2 Rc3 44. a6 Rc8 45. Ra5+ Kd6 46.
Kd3 Ra8 47. Kxd4 Kc6 48. Ke4 h4 49. Kf5 1-0

[Event "Magistral Endesa Norma MI 2008"]
[Site "Santiago de Chile"]
[Date "2008.10.21"]
[Round "11.6"]
[White "Sepulveda Herrera, Job Rodrigo"]
[Black "Alonso, Salvador"]
[Result "1/2-1/2"]
[WhiteElo "2325"]
[BlackElo "2466"]
[PlyCount "20"]
[EventDate "2008.10.13"]
[EventType "tourn"]
[EventRounds "11"]
[EventCountry "CHI"]
[EventCategory "4"]
[Source "lmi"]
[SourceDate "2008.10.13"]

1. d4 d5 2. c4 c6 3. cxd5 cxd5 4. Bf4 Nc6 5. e3 Nf6 6. Nc3 a6 7. Rc1 Bf5 8. Bd3
Bxd3 9. Qxd3 e6 10. Nf3 Bd6 1/2-1/2